[Event "IECG CP.2000.S.00005 email"]
[Site "IECG email"]
[Date "2002.10.01"]
[Round "?"]
[White "Razvan, Andrei H"]
[Black "Koch, Christian"]
[Result "1-0"]
[WhiteElo "2190"]
[BlackElo "2262"]
[PlyCount "117"]
[EventDate "2002.10.01"]
[EventType "tourn (corr)"]
[EventRounds "6"]
[SourceTitle "Corr 2008"]
[Source "ChessBase"]
[SourceDate "2008.06.24"]
[SourceVersion "1"]
[SourceVersionDate "2008.06.24"]
[SourceQuality "1"]

1. Nf3 Nf6 2. g3 b6 3. Bg2 Bb7 4. c4 e6 5. 0-0 c5 6. Nc3 Be7 7. d4 cxd4 8. Qxd4 d6 9. Bg5 a6 10. Bxf6 Bxf6 11. Qf4 0-0 12. Rfd1 Be7 13. Ne4 e5 14. Qe3 Qc7 15. Ne1 Ra7 16. Nc3 Rc8 17. b3 Nd7 18. Bxb7 Rxb7 19. Nd5 Qd8 20. Qf3 Ra7 21. Ng2 Bg5 22. a4 Nc5 23. Ra2 Rb8 24. h4 Be7 25. Nge3 Bf8 26. b4 Ne6 27. Qg4 a5 28. b5 Nd4 29. Kg2 Ne6 30. h5 Kh8 31. Nf5 Rc8 32. Ra3 Rb7 33. Nde3 Rd7 34. Raa1 Qg5 35. Qxg5 Nxg5 36. Nd5 Rb7 37. Nc3 Rd7 38. Rac1 Rc5 39. Nd5 Rb7 40. g4 Ne6 41. Ng3 Rc8 42. Ne4 Nc5 43. Nxc5 dxc5 44. Rc3 Re8 45. Re3 h6 46. f4 Bd6 47. Nc3 Bb8 48. f5 f6 49. Red3 Ree7 50. Rd8+ Kh7 51. Rf8 Rf7 52. Rxf7 Rxf7 53. Rd8 Bc7 54. Ra8 Bd6 55. Rc8 Rd7 56. Nd5 Be7 57. Nxb6 Rd4 58. Nd5 Bd6 59. Rd8 1-0

[Event "IECG WC.2005.P.00002 email"]
[Site "IECG email"]
[Date "2002.01.29"]
[Round "?"]
[White "Razvan, Andrei H"]
[Black "Zhitnikov, Andrew"]
[Result "1/2-1/2"]
[WhiteElo "2136"]
[BlackElo "2076"]
[PlyCount "56"]
[EventDate "2002.01.29"]
[EventType "tourn (corr)"]
[EventRounds "12"]
[SourceTitle "Corr 2008"]
[Source "ChessBase"]
[SourceDate "2008.06.24"]
[SourceVersion "1"]
[SourceVersionDate "2008.06.24"]
[SourceQuality "1"]

1. c4 Nf6 2. g3 g6 3. Bg2 Bg7 4. Nc3 0-0 5. d3 d6 6. Bg5 Nbd7 7. Qd2 Re8 8. h3 c6 9. Bh6 Bh8 10. Rb1 Nb6 11. Nf3 e5 12. 0-0 e4 13. Nd4 exd3 14. exd3 d5 15. c5 Nbd7 16. b4 Nf8 17. Rfe1 Ne6 18. Be3 Qc7 19. Nxe6 Bxe6 20. Ne2 a6 21. Bd4 Bg7 22. a3 Nh5 23. Bxg7 Nxg7 24. Nd4 Re7 25. Re2 Rae8 26. Rbe1 Bc8 27. Rxe7 Rxe7 28. Rxe7 Qxe7 1/2-1/2

[Event "IECG CP.2000.Q.00035 email"]
[Site "IECG email"]
[Date "2001.10.01"]
[Round "?"]
[White "Schubert, Steffen"]
[Black "Razvan, Andrei H"]
[Result "1/2-1/2"]
[WhiteElo "1879"]
[BlackElo "2050"]
[PlyCount "92"]
[EventDate "2001.10.10"]
[EventType "tourn (corr)"]
[EventRounds "6"]
[EventCountry "NED"]
[SourceTitle "Corr 2008"]
[Source "ChessBase"]
[SourceDate "2008.06.24"]
[SourceVersion "1"]
[SourceVersionDate "2008.06.24"]
[SourceQuality "1"]

1. e4 g6 2. d4 Bg7 3. Nc3 d6 4. Nf3 a6 5. Be3 b5 6. Bd3 Nd7 7. e5 Bb7 8. exd6 cxd6 9. 0-0 Ngf6 10. Re1 0-0 11. a3 Qc7 12. Be2 Nb6 13. Qc1 Rfe8 14. Bh6 Bh8 15. Qg5 Nc4 16. Nd1 e5 17. b3 Qa5 18. Bxc4 bxc4 19. b4 Qc7 20. dxe5 Nd7 21. Ne3 Bxf3 22. gxf3 Nxe5 23. Qg3 Qb7 24. Kg2 a5 25. bxa5 Qc6 26. Rad1 Rxa5 27. Nf5 Rd5 28. Rxd5 Qxd5 29. Bg5 f6 30. Bc1 c3 31. Nh6+ Kf8 32. Ng4 Bg7 33. Qf4 Kg8 34. Ne3 Qc6 35. Qe4 f5 36. Qd5+ Kf8 37. Rd1 Qxd5 38. Rxd5 Rd8 39. a4 Kf7 40. Rb5 Bh6 41. a5 Ke6 42. a6 Nc6 43. Kf1 Bf4 44. h4 Nd4 45. Rb4 Bxe3 46. fxe3 Nxc2 1/2-1/2

[Event "IECG CM.2001.0.00136"]
[Site "IECG email"]
[Date "2001.03.25"]
[Round "?"]
[White "Razvan, Andrei H"]
[Black "Koch, Christian"]
[Result "1/2-1/2"]
[WhiteElo "2036"]
[BlackElo "2209"]
[PlyCount "85"]
[EventDate "2001.03.25"]
[EventType "tourn (corr)"]
[EventRounds "6"]
[SourceTitle "Corr 2008"]
[Source "ChessBase"]
[SourceDate "2008.06.24"]
[SourceVersion "1"]
[SourceVersionDate "2008.06.24"]
[SourceQuality "1"]

1. c4 Nf6 2. g3 c6 3. Bg2 d5 4. Nf3 Bf5 5. cxd5 cxd5 6. Qb3 Qb6 7. Qxb6 axb6 8. Nc3 Nc6 9. d3 Bd7 10. 0-0 e5 11. Bg5 Be6 12. Bxf6 gxf6 13. e3 Bh6 14. Nb5 0-0 15. a3 Ra5 16. Nd6 Rb8 17. b4 Ra4 18. Nb5 Rc8 19. d4 e4 20. Nd2 Na7 21. Nxa7 Rxa7 22. Rfb1 Ra4 23. Ra2 Bf8 24. Rb3 Rc1+ 25. Bf1 Ra8 26. Kg2 Bd7 27. Be2 Kg7 28. b5 Rac8 29. Rbb2 Re1 30. Nf1 Bd6 31. a4 Rc3 32. f3 Rcc1 33. f4 h5 34. h3 Kh6 35. a5 bxa5 36. Rxa5 Bb4 37. Raa2 Bc3 38. Rc2 b6 39. g4 hxg4 40. hxg4 Ba5 41. Rxc1 Rxc1 42. Ng3 Kg6 43. Rb2 1/2-1/2

[Event "IECC Swiss email"]
[Site "IECC email"]
[Date "2001.01.06"]
[Round "?"]
[White "Razvan, Andrei H"]
[Black "Hansen, Michael"]
[Result "1-0"]
[WhiteElo "2110"]
[BlackElo "1557"]
[PlyCount "23"]
[EventDate "2001.??.??"]
[EventType "tourn (corr)"]
[EventRounds "6"]
[SourceTitle "Corr 2008"]
[Source "ChessBase"]
[SourceDate "2008.06.24"]
[SourceVersion "1"]
[SourceVersionDate "2008.06.24"]
[SourceQuality "1"]

1. c4 c5 2. g3 g6 3. Bg2 Bg7 4. Nc3 Nc6 5. a3 e6 6. Rb1 Nge7 7. b4 d6 8. bxc5 dxc5 9. Qa4 0-0 10. h4 h5 11. Ne4 b6 12. Nxc5 1-0

[Event "IECG CP.2000.P.00017"]
[Site "IECG email"]
[Date "2000.10.01"]
[Round "?"]
[White "Razvan, Andrei H"]
[Black "Applegarth, Roger"]
[Result "1-0"]
[WhiteElo "2113"]
[BlackElo "800"]
[PlyCount "53"]
[EventDate "2000.10.01"]
[EventType "tourn (corr)"]
[EventRounds "6"]
[EventCountry "GER"]
[SourceTitle "Corr 2008"]
[Source "ChessBase"]
[SourceDate "2008.06.24"]
[SourceVersion "1"]
[SourceVersionDate "2008.06.24"]
[SourceQuality "1"]

1. c4 e5 2. g3 Nf6 3. Bg2 Nc6 4. Nc3 Bc5 5. a3 0-0 6. e3 d6 7. b4 Bb6 8. d3 Bg4 9. Nge2 a5 10. b5 Ne7 11. Bxb7 Rb8 12. Bg2 Nf5 13. h3 Bxe2 14. Qxe2 a4 15. 0-0 g6 16. Nxa4 Nh5 17. Nxb6 Nhxg3 18. fxg3 Nxg3 19. Qf3 Nxf1 20. Qxf1 Rxb6 21. a4 Qh4 22. a5 Rbb8 23. a6 c6 24. Bxc6 Qe7 25. a7 Rbd8 26. b6 Qg5+ 27. Qg2 1-0

[Event "IECG CP.2000.P.00017"]
[Site "IECG email"]
[Date "2000.10.01"]
[Round "?"]
[White "Razvan, Andrei H"]
[Black "Granz, Burkhard"]
[Result "1/2-1/2"]
[WhiteElo "2113"]
[BlackElo "1982"]
[PlyCount "68"]
[EventDate "2000.10.01"]
[EventType "tourn (corr)"]
[EventRounds "6"]
[EventCountry "GER"]
[SourceTitle "Corr 2008"]
[Source "ChessBase"]
[SourceDate "2008.06.24"]
[SourceVersion "1"]
[SourceVersionDate "2008.06.24"]
[SourceQuality "1"]

1. c4 Nf6 2. g3 e5 3. Bg2 c6 4. d4 exd4 5. Qxd4 d5 6. cxd5 cxd5 7. Nf3 Nc6 8. Qa4 Bc5 9. 0-0 0-0 10. Bg5 Re8 11. Qb5 Qd6 12. Bxf6 a6 13. Qd3 Qxf6 14. Nc3 d4 15. Ne4 Qe7 16. Nxc5 Qxc5 17. Rac1 Qb5 18. Rfd1 Qxd3 19. Rxd3 Bf5 20. Rd2 Be4 21. Ng5 Bxg2 22. Kxg2 Rad8 23. Nf3 f6 24. Rc4 Kf7 25. h4 Re6 26. a4 Red6 27. Ne1 Ne5 28. Rc7+ R8d7 29. Rcc2 Rc6 30. Rxc6 Nxc6 31. Nd3 Ne5 32. Nc5 Rc7 33. Ne4 Rd7 34. Nc5 Rc7 1/2-1/2

[Event "IECG CP.2000.P.00017"]
[Site "IECG email"]
[Date "2000.10.01"]
[Round "?"]
[White "Razvan, Andrei H"]
[Black "Martin, Antonio C"]
[Result "1/2-1/2"]
[WhiteElo "2113"]
[BlackElo "2114"]
[PlyCount "84"]
[EventDate "2000.10.01"]
[EventType "tourn (corr)"]
[EventRounds "6"]
[EventCountry "GER"]
[SourceTitle "Corr 2008"]
[Source "ChessBase"]
[SourceDate "2008.06.24"]
[SourceVersion "1"]
[SourceVersionDate "2008.06.24"]
[SourceQuality "1"]

1. c4 e5 2. g3 Nc6 3. Bg2 g6 4. Nc3 Bg7 5. e4 d6 6. Nge2 Nge7 7. d3 Be6 8. Nd5 0-0 9. 0-0 Qd7 10. Be3 f5 11. Qd2 Rf7 12. f3 Raf8 13. Rac1 Nc8 14. exf5 Bxf5 15. d4 Bh3 16. b3 Re8 17. Ndc3 exd4 18. Bxd4 Nxd4 19. Nxd4 Bxg2 20. Kxg2 Rfe7 21. Rf2 c6 22. Re2 Rxe2+ 23. Ndxe2 Ne7 24. Re1 d5 25. cxd5 Nxd5 26. Nxd5 Qxd5 27. Rd1 Qxd2 28. Rxd2 Bf8 29. Nc1 Ba3 30. Nd3 Rd8 31. f4 Rd5 32. Kf3 Kg7 33. Ke4 Kf6 34. Rc2 Bd6 35. b4 g5 36. Nc5 Bxc5 37. Rxc5 Rxc5 38. bxc5 gxf4 39. Kxf4 Ke6 40. g4 b6 41. cxb6 axb6 42. a4 Kf6 1/2-1/2